书目信息 |
| 题名: |
阉割与狂狷
|
|
| 作者: | 叶舒宪 著 | |
| 分册: | ||
| 出版信息: | 西安 陕西师范大学出版总社 2018 |
|
| 页数: | 208页 | |
| 开本: | 24cm | |
| 丛书名: | ||
| 单 册: | ||
| 中图分类: | K220.3 | |
| 科图分类: | ||
| 主题词: | 文化史--研究--中国--古代 | |
| 电子资源: | ||
| ISBN: | 978-7-5613-9835-7 | |
| 000 | 00906nam0 2200229 450 | |
| 001 | 7037 | |
| 005 | 20180604162819.04 | |
| 010 | @a978-7-5613-9835-7@dCNY68.00 | |
| 100 | @a20180513d2018 em y0chiy50 ea | |
| 101 | 0 | @achi |
| 102 | @aCN@b610000 | |
| 105 | @aa z 000yy | |
| 200 | 1 | @a阉割与狂狷@9yan ge yu kuang juan@f叶舒宪著 |
| 210 | @a西安@c陕西师范大学出版总社@d2018 | |
| 215 | @a208页@c图@d24cm | |
| 300 | @a中国文学人类学原创书系 | |
| 330 | @a本书运用神话学、心理学、文化人类学、文字训诂学等多种学科知识,剥开一层层谜雾,解析一个个疑团,追溯阉割的神圣起源,还原阉割的神话原型,在生理阉割文化解密的基础上,本书探讨了中国文化中的心理阉割现象,以人类学家的眼光剖析了儒释道的阴性化倾向,以及温柔敦厚的人格模式产生的历史文化背景。 | |
| 606 | 0 | @a文化史@x研究@y中国@z古代 |
| 690 | @aK220.3@v5 | |
| 701 | 0 | @a叶舒宪@9ye shu xian@4著 |
| 801 | 0 | @aCN@b91MARC@c20180513 |
| 905 | @aMuseLib@dK220.3@e122 | |
| 阉割与狂狷/叶舒宪著.-西安:陕西师范大学出版总社,2018 |
| 208页:图;24cm |
| 中国文学人类学原创书系 |
| ISBN 978-7-5613-9835-7:CNY68.00 |
| 本书运用神话学、心理学、文化人类学、文字训诂学等多种学科知识,剥开一层层谜雾,解析一个个疑团,追溯阉割的神圣起源,还原阉割的神话原型,在生理阉割文化解密的基础上,本书探讨了中国文化中的心理阉割现象,以人类学家的眼光剖析了儒释道的阴性化倾向,以及温柔敦厚的人格模式产生的历史文化背景。 |
| ● |
| 相关链接 |
|
|
|
|
正题名:阉割与狂狷
索取号:K220.3/122
 
预约/预借
| 序号 | 登录号 | 条形码 | 馆藏地/架位号 | 状态 | 备注 |
| 1 | 1116213 | 211162132 | 第二样本阅览室/ [索取号:K220.3/122] | 在馆 | |
| 2 | 1116214 | 211162141 | 教育系资料室/ [索取号:K220.3/122] | 在馆 | |
| 3 | 1116215 | 211162150 | 教育系资料室/ [索取号:K220.3/122] | 在馆 | |
| 4 | 1116216 | 211162169 | 第二借阅区/ [索取号:K220.3/122] | 在馆 |